Já jsem vrah /
Uloženo v:
| Hlavní autor: | |
|---|---|
| Další autoři: | , |
| Médium: | Kniha |
| Jazyk: | Czech |
| Vydáno: |
V Brně :
CPress,
2022
|
| Vydání: | 1. vydání |
| Témata: | |
| Celkem bylo vypůjčeno: | 10x |
| Tagy: |
Žádné tagy |
| LEADER | 02778nam a2200673 i 4500 | ||
|---|---|---|---|
| 001 | 98629 | ||
| 003 | CZ PrNK | ||
| 005 | 20230804111659.0 | ||
| 007 | ta | ||
| 008 | 221017s2022 xr acf e 000 1ccze | ||
| 015 | |a cnb003464552 | ||
| 020 | |a 9788026444404 |q (vázáno) : |c Kč 499,00 | ||
| 040 | |a OLA001 |b cze |d ABA001 |e rda | ||
| 041 | 1 | |a cze |h eng | |
| 072 | 7 | |a 343.97 |x Kriminologie |2 Konspekt |9 18 | |
| 072 | 7 | |a 929 |x Biografie |2 Konspekt |9 8 | |
| 080 | |a 343.611-051 |2 MRF | ||
| 080 | |a 343.611-055.2 |2 MRF | ||
| 080 | |a 343.8-051 |2 MRF | ||
| 080 | |a 343.8-055.2 |2 MRF | ||
| 080 | |a 343.611 |2 MRF | ||
| 080 | |a 343.25 |2 MRF | ||
| 080 | |a 929 |2 MRF | ||
| 080 | |a (73) |2 MRF | ||
| 080 | |a (047.53) |2 MRF | ||
| 080 | |a (0:82-322.6) |2 MRF | ||
| 100 | 1 | |a Tipping, Danny |7 xx0278085 |4 aut |9 114562 | |
| 240 | 1 | 0 | |a I am a killer. |l Česky |
| 245 | 1 | 0 | |a Já jsem vrah / |c Danny Tipping, Ned Parker ; z anglického originálu I am a killer přeložila Eva Kadlecová |
| 246 | 3 | 0 | |a Vrah |
| 250 | |a 1. vydání | ||
| 264 | 1 | |a V Brně : |b CPress, |c 2022 | |
| 300 | |a 309 stran, 16 nečíslovaných stran obrazových příloh : |b ilustrace (převážně barevné), portréty ; |c 22 cm | ||
| 336 | |a text |b txt |2 rdacontent | ||
| 337 | |a bez média |b n |2 rdamedia | ||
| 338 | |a svazek |b nc |2 rdacarrier | ||
| 648 | 7 | |a 20.-21. století |7 ch462155 |2 czenas |9 53009 | |
| 650 | 0 | 7 | |a vrazi |7 ph127244 |y 20.-21. století |z Spojené státy americké |2 czenas |
| 650 | 0 | 7 | |a vražedkyně |7 ph208669 |y 20.-21. století |z Spojené státy americké |2 czenas |
| 650 | 0 | 7 | |a vězni |7 ph127393 |y 20.-21. století |z Spojené státy americké |2 czenas |
| 650 | 0 | 7 | |a vězeňkyně |7 ph151881 |y 20.-21. století |z Spojené státy americké |2 czenas |
| 650 | 0 | 7 | |a vraždy |7 ph116633 |y 20.-21. století |z Spojené státy americké |2 czenas |
| 650 | 0 | 7 | |a trest smrti |7 ph126727 |2 czenas |9 2558 |
| 650 | 0 | 9 | |a murderers |y 20th-21st centuries |z United States |2 eczenas |
| 650 | 0 | 9 | |a women murderers |y 20th-21st centuries |z United States |2 eczenas |
| 650 | 0 | 9 | |a prisoners |y 20th-21st centuries |z United States |2 eczenas |
| 650 | 0 | 9 | |a women prisoners |y 20th-21st centuries |z United States |2 eczenas |
| 650 | 0 | 9 | |a murders |y 20th-21st centuries |z United States |2 eczenas |
| 650 | 0 | 9 | |a capital punishment |2 eczenas |
| 655 | 7 | |a rozhovory |7 fd133303 |2 czenas | |
| 655 | 7 | |a autobiografické příběhy |7 fd131891 |2 czenas |9 53494 | |
| 655 | 9 | |a interviews |2 eczenas | |
| 655 | 9 | |a autobiographical reminiscences |2 eczenas | |
| 700 | 1 | |a Parker, Ned |7 xx0278086 |4 aut |9 114563 | |
| 700 | 1 | |a Kadlecová, Eva, |d 1984- |7 xx0103153 |4 trl |9 28362 | |
| 910 | |a UOG502 | ||
| 942 | |2 ddc |c KN | ||
| 999 | |d 98629 | ||
| 993 | |0 0 |1 421180099015 |2 ddc |4 0 |7 0 |9 88424 |b 0 |c 99015 |d 2022-11-02 |e 10 |f DOSP |h 499.00 |i Koupě |l DOSP |m 11 |r 2024-03-27 |s 2024-01-09 |t 6 |w 2022-11-02 |y KN |z KRIMI | ||